000 01196cam a2200325 a 4500
001 90784
005 20230410102057.0
008 910116s1990 dr a 000 0 spa
010 _a 91105914
035 _a(OCoLC)ocm23048144
040 _aDLC
_cDLC
_dOCLCG
035 _a(OCoLC)23048144
043 _anwdr---
050 1 4 _a118 JL 1138
_bC352p 1990
082 0 0 _a324.97293054
100 1 _aCastillo, José del,
_d1947-
245 1 3 _aEl proceso electoral :
_bclaves e interrogantes /
_c[José del Castillo].
260 _a[S.l. :
_bs.n.,
_c1990]
_e(Santo Domingo, Rep. Dominicana :
_fEditora Corripio)
300 _a31 p. :
_bill. ;
_c23 cm.
500 _a"Charla pronunciada por el Lic. José del Castillo en el almuerzo mensual de la Cámara Americana de Comercio, el día 21 de febrero de 1990, en los salones del Hotel Lina"--Prel. p. [3].
650 0 _aElections
_zDominican Republic.
650 0 _aPresidents
_zDominican Republic
_xElection
_y1990.
650 4 _aElecciones
_zRepública Dominicana.
650 4 _aCandidaturas
_zRepública Dominicana.
650 4 _aCES
650 4 _aColección Enriquillo Sánchez
942 _2lcc
_cbk
994 _aC0
_bDRFGD
946 _aweb
999 _c18574
_d18574